| 000 | 00578nam a2200205 a 4500 | ||
|---|---|---|---|
| 999 |
_c2942 _d2942 |
||
| 001 | 2942 | ||
| 003 | BD-JhCC | ||
| 005 | 20171123101131.0 | ||
| 008 | 171108s bg |||| |||| 000 0 ben d | ||
| 035 | _a(BD-JhCC) 2942 | ||
| 040 |
_aBD-JhCC _dBD-JhCC |
||
| 041 | _aben | ||
| 082 |
_a891.4415 _bQUA |
||
| 245 |
_aঐ যে সে / _c মো: কামরুজ্জামান |
||
| 260 |
_aময়মনসিংহ : _b3T প্রকাশনী, |
||
| 300 |
_a৫২ পৃ. : _c২১ সেমি. |
||
| 650 | _abengali novel | ||
| 942 |
_2ddc _cBK |
||